|
|
|
|
| LEADER |
00000cas a2200000 a 4500 |
| 001 |
vtls001060641 |
| 003 |
SK-MaSNL |
| 005 |
20260228160054.0 |
| 008 |
180815d19881989xo ar|p y 0 0b0slo |
| 015 |
|
|
|a SNBA1990/04
|
| 020 |
|
|
|a 8005003145
|
| 035 |
|
|
|a SNK000003469
|
| 040 |
|
|
|a SNK
|b slo
|c SNK
|e AACR2
|
| 041 |
0 |
|
|a slo
|
| 044 |
|
|
|a xo
|c SK
|
| 072 |
|
7 |
|a 02
|x Knihovníctvo. Informatika
|2 konspekt
|
| 080 |
|
|
|a 02
|2 2011
|
| 080 |
|
|
|a (058)
|2 2011
|
| 245 |
0 |
0 |
|a Ročenka knihovníckej sekcie ZKI ...
|
| 260 |
|
|
|a Bratislava
|b Alfa
|c 1988-1989
|
| 300 |
|
|
|a zv.
|c 21 cm
|
| 310 |
|
|
|a 1x ročne
|
| 362 |
0 |
|
|a 1988-1989
|
| 650 |
0 |
7 |
|a knihovníctvo
|2 SNKPH
|9 1557
|
| 655 |
|
7 |
|a ročenky
|2 SNKPH
|9 57146
|
| 850 |
|
|
|a Slovenská národná knižnica v Martine
|
| 910 |
|
|
|a snk
|
| 919 |
|
|
|a 80-05-00314-5
|
| 958 |
|
|
|a OND
|
| 999 |
|
|
|c 1296
|d 3226
|
| 952 |
|
|
|0 0
|1 0
|4 0
|7 0
|a SNK
|b SNK
|d 1998-11-24
|i snkKSP 2144/90
|l 0
|o snkČSD 1670/1989 D1
|p 17A0170570
|r 2004-12-31 00:00:00
|w 2026-02-21
|y PREZ
|
| 952 |
|
|
|0 0
|1 0
|4 0
|7 0
|a SNK
|b SNK
|d 2002-02-08
|i snkKSP 2143/90
|l 0
|o snkČSD 1670/1989
|p 17A0330219
|r 2004-12-31 00:00:00
|w 2026-02-21
|y PREZ
|
| 952 |
|
|
|0 0
|1 1
|4 0
|7 0
|a SNK
|b SNK
|d 1997-11-18
|l 0
|p 17A0096799
|r 2004-12-31 00:00:00
|w 2026-02-21
|y NEVYP
|